Top 10 Countries Most Prone to Earthquakes - Statistics

General Stats
  • This quiz has been taken 281 times
  • The average score is 7 of 10
Answer Stats
Hint Rank Answer % Correct
Asia 1 Japan
96%
North America 8 Mexico
93%
Asia 10 Indonesia
89%
Asia 3 India
82%
Asia 5 Philippines
77%
South America 4 Ecuador
70%
Asia 2 Nepal
68%
Asia 6 Pakistan
67%
North America 7 El Salvador
54%
Asia 9 Turkey
51%
No matching quizzes found
Score Distribution
Percent of People with Each Score
Percentile by Number Answered
Your Score History
You have not taken this quiz